Govt. of
Madhya Pradesh

Advance Business Letters (Record no. 50866)

MARC details
000 -LEADER
fixed length control field 00361nam a22001577a 4500
003 - CONTROL NUMBER IDENTIFIER
control field MACL
005 - DATE AND TIME OF LATEST TRANSACTION
control field 20151121155044.0
008 - FIXED-LENGTH DATA ELEMENTS--GENERAL INFORMATION
fixed length control field 151121b xxu||||| |||| 00| 0 eng d
040 ## - CATALOGING SOURCE
Transcribing agency MACL
041 ## - LANGUAGE CODE
Language code of text/sound track or separate title English
082 ## - DEWEY DECIMAL CLASSIFICATION NUMBER
Classification number 826/VAT
100 ## - MAIN ENTRY--PERSONAL NAME
Personal name Dr.Vats,Sunil
9 (RLIN) 17813
245 ## - TITLE STATEMENT
Title Advance Business Letters
650 ## - SUBJECT ADDED ENTRY--TOPICAL TERM
Topical term or geographic name as entry element Letter
9 (RLIN) 11954
942 ## - ADDED ENTRY ELEMENTS (KOHA)
Source of classification or shelving scheme
Koha item type Books
Holdings
Withdrawn status Lost status Source of classification or shelving scheme Damaged status Not for loan Home library Current library Date acquired Cost, normal purchase price Total Checkouts Full call number Barcode Date last seen Price effective from Koha item type
          MACL MACL 21/11/2015 295.00   826/VAT CRE029607 02/05/2024 21/11/2015 Books